000 00620nam a2200193Ia 4500
005 20260114185613.0
008 008 260114s9999 xx 000 0 eng d
020 _a9781350036468
037 _aEBOOK
040 _aCRL
_beng
_cCRL
041 _aeng
_2eng
084 _qCRL
100 _aNico Wouters and Laurence van Ypersele
_9872102
245 0 _aNations, Identities and the First World War Shifting Loyalties to the Fatherland
260 _bBloomsbury
_c2018
856 _uhttps://doi.org/10.5040/9781350036468?locatt=label:secondary_bloomsburyCollections
942 _cEBOOK
999 _c1471050
_d1471050